| 000 | 00500nam a2200205Ia 4500 | ||
|---|---|---|---|
| 003 | OSt | ||
| 005 | 20140319093105.0 | ||
| 008 | 140130s9999 xx 000 0 und d | ||
| 020 | _a0590447378 | ||
| 050 |
_aPZ 7 _b.B7633Pee 1991 |
||
| 100 | _aBridwell, Norman | ||
| 245 |
_cNorman Bridwell _aClifford's peekaboo / |
||
| 260 |
_bScholastic, _c1991. _aNew York : |
||
| 300 |
_a14 p. : _bcol. ill. ; _c15 cm. |
||
| 440 | _v1 | ||
| 521 | _aBR | ||
| 526 | _cBR | ||
| 942 |
_cBK _2lcc |
||
| 999 |
_c41470 _d41470 |
||